000 00717nam a2200253Ia 4500
003 OSt
005 20220918163208.0
006 a|||||r|||| 00| 0
007 ta
008 220917b |||||||| |||| 00| 0 eng d
020 _a0 195656482 (hbk)
024 _a196,088
037 _cTextual
040 _aARTS
_cARTS
_beng
041 _2eng
_aeng
082 _aY7.236, P2
100 _aMalhotra Ansu
_911932
245 0 _aGender, caste, and religious identities
_b Restructuring class in colonial Punjab
260 _aNew Delhi
_bOxford university press
_c2002
300 _a231 p.
_ccm.
650 _aSOCIOLOGY
942 _hY7.236, P2
_cTEXL
_2CC
999 _c118378
_d118378